000 01106nam a2200313 a 4500
001 50273
003 BD-RjUL
005 20211209075502.0
008 160824s1902 enkafei 001 0deng d
035 _a(BD-RjUL) 50393
040 _aBD-RjUL
_beng
_cBD-RjUL
_dBD-RjUL
041 _aeng
082 _223
_a378.425
_bCAU 1902
100 1 _aCarr, William.
_9150670
245 1 0 _aUniversity College /
_cby William Carr.
246 1 8 _aCollege histories :
_bUniversity
246 1 4 _aOxford University college histories :
_bUniversity
260 0 _aLondon :
_bF.E. Robinson,
_c1902.
300 _aix, 242 p. :
_bill. ;
_c20 cm.
490 1 _aUniversity of Oxford college histories
490 1 _aCollege histories, Oxford
504 _aIncludes bibliographical references and index.
610 2 0 _aUniversity College (University of Oxford)
_9150681
650 0 _aUniversities and colleges
_zEngland
_zOxford
_xHistory.
_9150672
651 0 _aOxford (England)
_xHistory.
_9150673
830 0 _aUniversity of Oxford college histories.
_9150682
830 0 _aCollege histories, Oxford.
_9150683
942 _2ddc
_cBK
999 _c50273
_d50273